Les Jeux olympiques en images... (2) - Statistiques

Statistiques générales
  • Ce quiz a été pris 40 fois
  • Le résultat moyen est 13 sur 50
Statistiques - réponses
Par images Hint Réponse % Correct
Qui est-ce ? Mohamed {Ali}
100%
Où a été prise cette photo ? Londres
64%
A quoi Dick Fosbury a-t-il donné son nom A une technique de {saut}
62%
Sport combiné olympique depuis 2000 Triathlon
54%
Quelle fonction occupera ce sportif après sa retraite ? Conseiller régional | Secrétaire d'Etat | Ministre | Député | Conseiller municipal
51%
Quelle est la nationalité de cette gymnaste ? Roumaine
51%
Quel est le prénom de sa soeur ? Serena
51%
Quel pays représente cette équipe ? France
46%
Quel est ce sport devenu olympique en 2000 ? Taekwondo
46%
Quel est le surnom de cette sportive ? La {guêpe}
44%
Seule à avoir accompli le grand chelem doré, je suis... {Steffi} {Graf}
44%
Qui est ce champion français ? Tony Estanguet
44%
2008 - A quel pays appartient cette délégation Chine
41%
Combien de médailles pour ce nageur en 2004 ? 8
36%
Cette discipline devient olympique en 1996 Softball
33%
Il entraine l'équipe de France médaille d'or en 1984 en {football}
31%
Quel est le nom de ce cheval français ? Jappeloup
31%
Qu'est ce qui s'est passé en 1972 ici ? Une {prise} d'{otages}
31%
Cette nage se généralise aux JO en 1952
28%
Quel est ce bâtiment ? Le siège du {CIO}
28%
Qui est avec Marie Lou Retton ? {Ronald} {Reagan}
28%
Les jeux du centenaire se déroulent à... Atlanta
26%
Où se déroule cette cérémonie ? Olympie
26%
Le sportif qui remporte le plus de médaille en 1976 est NickolaÎ Andrianov, dans quel sport ? Gymnastique
23%
Comment est surnommé ce stade ? Nid d'oiseau
23%
En quelle année la flamme olympique a-t-elle fait ce parcours ? 2004
21%
Il a été disqualifié pour dopage en 1988 Ben Johnson
21%
Qui est-ce ? Joe {Frazier}
21%
Qui est-ce ? Mark {Spitz}
21%
Qui est-ce ? Carl Lewis
18%
Qui est-ce ? Florence {Griffith-Joyner}
18%
Quel pays perd en finale de ce sport en 1984 ? Espagne
15%
Ces mascottes sont celles des jeux de {Londres} en {2012}
15%
Cette torche a été utilisée pour le relais de la flamme en... 1936
13%
Où se trouve ce stade olympique ? Munich
13%
Qui est-ce en 2023 ? Thomas {Bach}
13%
Qui lève le poing ? Tommie {Smith} et John {Carlos}
13%
Cette année-là ce sport apparait au programme... 1992
10%
Où se trouve ce palais des sports? (ville) Moscou
10%
Où a eu lieu cette cérémonie ? (pays) Moscou
8%
Quelle discipline pratique ce quadruple champion olympique ? Natation
8%
Boris Onishchenko a tenté de tricher en pentathlon moderne
8%
Quel est le cavalier au centre ? Pierre {Jonquères d'Oriola}
8%
Qui est ce rameur ? Steve Redgrave
5%
Cette torche a été utilisée en ... {2012} à {Londres}
3%
Où se trouve ce parc olympique ? Barcelone
3%
Sylvie Fléchette a obtenu sa médaille ave 14 mois de retard à cause d'une erreur de {frappe}
3%
A quels jeux appartient cette mascotte ? Jeux de {Monréal} en {1976}
3%
Qui est-ce ? Le compositeur Spyros {Samaras}
3%
Quel sport de démonstration est ici écrit en sinogrammes ? Wushu
3%
Aucun quiz correspondant
Distribution des résultats
% des personnes avec chaque résultat
Percentile par nombre de réponses
Votre historique - résultats
Vous n’avez pas pris ce quiz